006280000a22002650004500538000800000003000300008004000300011500002400014650002000038650002000058650002300078650002200101651001000123650001200133082002300145518001100168530000600179100001900185100001700204245005100221260006400272260000900336041000800345300000900353 aCKJMSBV aBibliography: p. 86 aTibeto - Burman aNepali language aLanguage education aLanguage teaching aNepal aKhaling a495.5132bT731hcN a950719 aM aToba, Sueyoshi aToba, Ingrid aA Khaling - English English - Khaling glossary aKathmandubT.U. Institute of Nepal and Asian Studies, Nepal c1976 aEng a86p.